| 000 | 00734nam a22002417a 4500 | ||
|---|---|---|---|
| 003 | UA-OsUOA | ||
| 001 | 75884 | ||
| 007 | ta | ||
| 008 | 20110606b un ||||| |||| 00| 0 ukr d | ||
| 090 |
_a016:82.09 _bФ68 |
||
| 942 | _cBK | ||
| 040 |
_aUA-OsUOA _bukr _cUA-OsUOA _dUA-OsUOA |
||
| 245 |
_aФілологічні науки в Україні, 1998 _bнаук.-допом. бібліогр. посіб. _cавт.-укл. Козак О.О. |
||
| 300 | _a573 с. | ||
| 955 | _a2 | ||
| 041 | _aukr | ||
| 080 | _a016:82.09 | ||
| 020 | _a978-966-193-021-5 | ||
| 260 |
_aК. _bВД "Стилос" _c2008 |
||
| 246 | 3 | 1 |
_a2 _n |
| 650 | 7 |
_a01 Бібліографія і бібліографії. Каталоги _2UDC |
|
| 999 |
_c362183 _d362183 |
||